000 00703nam a2200289Ia 4500
005 20260324112028.0
008 008 260324s9999 xx 000 0 eng d
020 _a9781003468219
037 _aEBOOK
040 _aCRL
040 _beng
040 _cCRL
041 _2eng
041 _aeng
084 _qCRL
100 _aG. Hussein Rassool
_91141006
245 0 _aSpiritual Integration in Islāmic Psychotherapy
245 0 _bUnveiling the Therapist's Soul
260 _bTaylor and Francis
260 _c2024
365 _a
365 _b77.99
856 _uhttp://www.taylorfrancis.com/books/9781003468219
942 _cEBOOK
999 _c1730044
_d1730044